Catálogo

Carta a las familias del Papa Juan Pablo II (Registro nro. 13001)

Detalles MARC
000 -LEADER
fixed length control field 01270cam a2200301 i 4500
001 - CONTROL NUMBER
control field 13001
003 - CONTROL NUMBER IDENTIFIER
control field Mx-PuUPA
005 - DATE AND TIME OF LATEST TRANSACTION
control field 20250814074610.0
008 - FIXED-LENGTH DATA ELEMENTS--GENERAL INFORMATION
fixed length control field 140415s1994 mx gr 000 i spa d
040 ## - CATALOGING SOURCE
Original cataloging agency Mx-PuUPA
Language of cataloging spa
Transcribing agency Mx-PuUPA
Modifying agency Mx-PuUPA
Description conventions rda
041 0# - LANGUAGE CODE
Language code of text/sound track or separate title spa
245 00 - TITLE STATEMENT
Title Carta a las familias del Papa Juan Pablo II
Statement of responsibility, etc. IMDOSOC
246 14 - VARYING FORM OF TITLE
Title proper/short title Cartas a las familias del Papa Juan Pablo II :
Remainder of title 1994 año de la familia.
264 #1 - PRODUCTION, PUBLICATION, DISTRIBUTION, MANUFACTURE, AND COPYRIGHT NOTICE
Place of production, publication, distribution, manufacture México, D.F. :
Name of producer, publisher, distributor, manufacturer Asociación Mexicana de Promoción y Cultursa Social,
Date of production, publication, distribution, manufacture, or copyright notice 1994
300 ## - PHYSICAL DESCRIPTION
Extent 103 páginas ;
Dimensions 21 cm
336 ## - CONTENT TYPE
Fuente rdacontent
Content type term texto
Content type code txt
337 ## - MEDIA TYPE
Source rdamedia
Media type term sin medio
Media type code n
338 ## - CARRIER TYPE
Source rdacarrier
Carrier type term volumen
Carrier type code nc
650 #7 - SUBJECT ADDED ENTRY--TOPICAL TERM
Source of heading or term armarc
Topical term or geographic name entry element Cartas pontificias
650 #7 - SUBJECT ADDED ENTRY--TOPICAL TERM
Source of heading or term armarc
Topical term or geographic name entry element Documentos pontificios
650 #7 - SUBJECT ADDED ENTRY--TOPICAL TERM
Source of heading or term armarc
Topical term or geographic name entry element Familia cristiana
650 #7 - SUBJECT ADDED ENTRY--TOPICAL TERM
Source of heading or term armarc
Topical term or geographic name entry element Igleisa católica
General subdivision Doctrinas
710 2# - ADDED ENTRY--CORPORATE NAME
Corporate name or jurisdiction name as entry element Instituto Mexicano de Doctrina Social Cristiana,
9 (RLIN) 4427
Relator term compilador
775 0# - OTHER EDITION ENTRY
Main entry heading Instituto Mexicano de Doctrina Social Cristiana,
Place, publisher, and date of publication México, D.F. : Asociación Mexicana de Promoción y Cultura Social, 1994
Physical description 103 páginas ; 17 cm
Title Carta a las familias del Papa Juan Pablo II /
Record control number (Mx-PuUPA) 35072
942 ## - ADDED ENTRY ELEMENTS (KOHA)
Source of classification or shelving scheme Dewey Decimal Classification
Koha item type Libro
Classification part 262.91
Item part C25
Existencias
Withdrawn status Lost status Source of classification or shelving scheme Damaged status Not for loan Collection code Home library Current library Shelving location Date acquired Source of acquisition Total Checkouts Total Renewals Full call number Barcode Date last seen Date last checked out Price effective from Koha item type
    Dewey Decimal Classification   Consulta en sala Karol Wojtyla Biblioteca Karol Wojtyla Biblioteca Karol Wojtyla Sala "Colecciones Especiales" 03/12/2013 Compra 3 1 262.91 C25 1994 29710 19/03/2026 19/02/2024 03/12/2013 Libro